Guess the lyrics (#68) - Statistics

General Stats
  • This quiz has been taken 110 times
  • The average score is 35 of 82
Answer Stats
Answer % Correct
I
98%
I
98%
I
98%
I
98%
I
98%
I
98%
I
98%
A
97%
a
97%
you
86%
the
85%
the
85%
the
85%
And
74%
and
74%
And
74%
me
69%
in
67%
to
65%
love
61%
love
61%
that
60%
where
60%
My
59%
on
57%
so
57%
will
53%
are
51%
of
49%
what
49%
by
47%
I'm
46%
As
45%
as
45%
this
45%
was
45%
why
45%
she
44%
she
44%
were
42%
were
42%
with
42%
our
38%
our
38%
here
34%
think
34%
went
33%
walk
31%
walk
31%
wonder
27%
wonder
27%
wonder
27%
feel
24%
wrong
22%
things
21%
away
20%
stay
20%
done
18%
rain
18%
strong
18%
we've
17%
along
16%
little
15%
hearts
14%
still
13%
end
12%
while
12%
ran
11%
Run
11%
run
11%
run
11%
run
11%
together
11%
walkin'
11%
fallin'
9%
pain
9%
runaway
9%
runaway
9%
young
9%
misery
8%
Wishin'
8%
Tears
7%
No matching quizzes found
Score Distribution
Percent of People with Each Score
Percentile by Number Answered
Your Score History
You have not taken this quiz